La formación permanente del profesorado en los países de la CEE / (Record no. 143464)

MARC details
000 -CABECERA
campo de control de longitud fija 00677nam a2200205 u 4500
005 - FECHA Y HORA DE LA ÚLTIMA TRANSACCIÓN
campo de control 20210223131025.0
008 - ELEMENTOS DE LONGITUD FIJA--INFORMACIÓN GENERAL
campo de control de longitud fija 090622s1993 es r 000 0 spa d
020 ## - NÚMERO INTERNACIONAL NORMALIZADO PARA LIBROS
Número Internacional Estándar del Libro 848584021
035 ## - NÚMERO DE CONTROL DEL SISTEMA
Número de control de sistema UPN01000171359
049 ## - COLECCIÓN
Colección CG
050 #4 - SIGNATURA TOPOGRÁFICA DE LA BIBLIOTECA DEL CONGRESO
Número de clasificación LB1723
Número de documento/Ítem F6.6
245 03 - MENCIÓN DE TÍTULO
Título La formación permanente del profesorado en los países de la CEE /
Mención de responsabilidad, etc. coord. Francesc Imbernon.
260 ## - PUBLICACIÓN, DISTRIBUCIÓN, ETC.
Lugar de publicación, distribución, etc. Barcelona, Esp. :
Nombre del editor, distribuidor, etc. ICE :
-- Horsori,
Fecha de publicación, distribución, etc. 1993.
300 ## - DESCRIPCIÓN FÍSICA
Extensión 154 p. :
Otras características físicas gráfs.
440 #0 - MENCIÓN DE SERIE/ASIENTO SECUNDARIO--TÍTULO
Título Seminarios ;
Designación de volumen o secuencia 24
650 #4 - ASIENTO SECUNDARIO DE MATERIA - TERMINO TEMATICO
Término de materia o nombre geográfico como elemento de entrada MAESTROS -
Subdivisión general FORMACION PROFESIONAL -
Subdivisión geográfica EUROPA
9 (RLIN) 785
610 24 - ASIENTO SECUNDARIO DE MATERIA - NOMBRE CORPORATIVO
Nombre de entidad corporativa o nombre de jurisdicción como elemento de entrada COMUNIDAD ECONOMICA EUROPEA
9 (RLIN) 7696
700 1# - ASIENTO SECUNDARIO--NOMBRE DE PERSONAL
Nombre de persona Imbernón Muñoz, Francisco,
Término indicativo de función/relación coord.
9 (RLIN) 28561
905 ## - TIPO DE MATERIAL
Tipo de material Libro
Holdings
Estado de retiro Estado de pérdida Fuente del sistema de clasificación o colocación Estado dañado No para préstamo Código de colección Localización permanente Ubicación/localización actual Ubicación en estantería Total de préstamos Clasificación Código de barras Fecha visto por última vez Número de copia Tipo de ítem Koha
    Library of Congress Classification     Colección General Bib. Gregorio Torres Quintero Bib. Gregorio Torres Quintero Planta baja 9 LB1723 F6.6 265351 31/12/2020 1 Libro
    Library of Congress Classification     Colección General Bib. Gregorio Torres Quintero Bib. Gregorio Torres Quintero Planta baja 5 LB1723 F6.6 265352 31/12/2020 1 Libro
    Library of Congress Classification     Colección General Bib. Gregorio Torres Quintero Bib. Gregorio Torres Quintero Planta baja 4 LB1723 F6.6 265350 31/12/2020 1 Libro